00481nam a2200193 a 4500001001300000003000900013005001700022008004100039020001000080082002000090100001800110245002000128260003800148300000900186500003500195505001700230650002200247700001800269nice12345678IN_TiNIC20260116011928.0050524s1906 meea grp 000 0 urd  ac10000a491.43931bJAL1 aJaleel, Hasan aTazkir-O-Taanis aMeerutbAkhtar Deccan Pressc1906 a368p aincludes index and biblioraphy2 aBibliography aDictionary-Gender1 aJaleel, Hasan